| 000 | 00725nam a22002537a 4500 | ||
|---|---|---|---|
| 003 | CHAP | ||
| 005 | 20220329134306.0 | ||
| 008 | 971013s1972 r 00010 d | ||
| 010 | _a18228 | ||
| 011 | _a19200 | ||
| 035 | _a23285 | ||
| 040 | _cCHAP | ||
| 082 |
_a338.1 _bB56 |
||
| 100 | 0 | 0 |
_aBloom, Gordon Falk. _913213 |
| 245 | _aProductivity in the food industry ; problems and potential | ||
| 260 |
_aCambridge, Mass. : _bMIT, _c1972 |
||
| 300 | _a312 p. | ||
| 590 |
_aBATCH-UPD _b10 _c20130110 _lUCH01 _h1148 |
||
| 590 |
_aCONVERSION _b10 _c20130109 _lUCH01 _h1311 |
||
| 650 | 1 | 4 |
_aAlimentos _xIndustria. _94227 |
| 901 | _aBK | ||
| 942 | _cLIBRO | ||
| 949 |
_a338.1 B56 _bBC _cLIBRO _d33724000356762 _eLIBRO _h31145 _i23285 _si |
||
| 999 |
_c18228 _d18228 |
||